000 00920nam a2200193 i 4500
001 189077
003 SpMaBN
005 20231229062539.0
008 190327s1934 sp |||| | spa d
080 _a821.134.2-4"19"
100 1 _aOrtega y Gasset, José,
_d1883-1955
_987503
245 1 3 _aEl espectador.
_n8 /
_cJosé Ortega y Gasset.
250 _a1ª ed.
260 _aMadrid :
_bRevista de Occidente,
_c1934 (
_fGalo Sáez)
300 _a1 v. (192 p., [1] h. de lám.) ;
_c18 cm.
505 8 _aContiene: V. 8. Abenjaldun nos revela el secreto (pensamientos sobre África Menor) ; Divagación ante el retrato de la marquesa de Santillana ; Para una ciencia del traje popular ; Tiempo, distancia y forma en el arte de Proust ; Egipcios ; Revés de almanaque ; Socialización del hombre
852 _aES-MaACL
_jL-32249
_z- Donat. herederos de la bibl. de Mª del Pilar Costa Palacín
999 _c189077
_d189077